<?xml version="1.0" encoding="UTF-8"?>
<record
    xmlns:xsi="http://www.w3.org/2001/XMLSchema-instance"
    xsi:schemaLocation="http://www.loc.gov/MARC21/slim http://www.loc.gov/standards/marcxml/schema/MARC21slim.xsd"
    xmlns="http://www.loc.gov/MARC21/slim">

  <leader>00991nam a22002297a 4500</leader>
  <controlfield tag="005">2010082109259.0</controlfield>
  <controlfield tag="008">100412t        xxu||||| |||| 00| 0 ur d</controlfield>
  <datafield tag="010" ind1=" " ind2=" ">
    <subfield code="a">UR-7827</subfield>
  </datafield>
  <datafield tag="020" ind1=" " ind2=" ">
    <subfield code="c">300.00</subfield>
  </datafield>
  <datafield tag="035" ind1=" " ind2=" ">
    <subfield code="a">U-6382</subfield>
  </datafield>
  <datafield tag="040" ind1=" " ind2=" ">
    <subfield code="a">dpl</subfield>
    <subfield code="b">ur</subfield>
  </datafield>
  <datafield tag="082" ind1=" " ind2=" ">
    <subfield code="a">&#x646;</subfield>
  </datafield>
  <datafield tag="100" ind1=" " ind2=" ">
    <subfield code="9">15656</subfield>
    <subfield code="a">&#x645;&#x6C1;&#x645;&#x6CC;&#x646;&#x6C1; &#x62E;&#x627;&#x62A;&#x648;&#x646;</subfield>
  </datafield>
  <datafield tag="245" ind1=" " ind2=" ">
    <subfield code="a">&#x62F;&#x6C1;&#x644;&#x6CC; &#x645;&#x6CC;&#x6BA;&#x627;&#x62F;&#x628;&#x6CC; &#x635;&#x62D;&#x627;&#x641;&#x62A; &#x6A9;&#x6CC; &#x62A;&#x627;&#x631;&#x6CC;&#x62E; &#x627;&#x648;&#x631;&#x627;&#x6CC;&#x648;&#x627;&#x646; &#x627;&#x631;&#x62F;&#x648; /</subfield>
    <subfield code="c">&#x645;&#x6C1;&#x645;&#x6CC;&#x646;&#x6C1; &#x62E;&#x627;&#x62A;&#x648;&#x646;</subfield>
  </datafield>
  <datafield tag="246" ind1=" " ind2=" ">
    <subfield code="a">Dehli Mein adabi Sahafat Ki Tarikh Aur Aiwan-e-Urdu /</subfield>
    <subfield code="b">by Mohaimina Khatoon</subfield>
  </datafield>
  <datafield tag="260" ind1=" " ind2=" ">
    <subfield code="a">&#x645;&#x6C1;&#x645;&#x6CC;&#x646;&#x6C1; &#x62E;&#x627;&#x62A;&#x648;&#x646;</subfield>
    <subfield code="c">2010</subfield>
  </datafield>
  <datafield tag="270" ind1=" " ind2=" ">
    <subfield code="a">Mohaimina Khatoon</subfield>
  </datafield>
  <datafield tag="300" ind1=" " ind2=" ">
    <subfield code="a">&#x635; 280</subfield>
    <subfield code="b">22 &#x633; &#x645; (Hb)</subfield>
  </datafield>
  <datafield tag="942" ind1=" " ind2=" ">
    <subfield code="2">ddc</subfield>
    <subfield code="c">UR</subfield>
    <subfield code="h">841</subfield>
    <subfield code="m">&#x6A9; &#x644; &#x6CC;</subfield>
  </datafield>
  <datafield tag="999" ind1=" " ind2=" ">
    <subfield code="c">42927</subfield>
    <subfield code="d">42927</subfield>
  </datafield>
  <datafield tag="952" ind1=" " ind2=" ">
    <subfield code="0">0</subfield>
    <subfield code="1">0</subfield>
    <subfield code="2">ddc</subfield>
    <subfield code="4">0</subfield>
    <subfield code="7">1</subfield>
    <subfield code="8">NFIC</subfield>
    <subfield code="a">DBAD</subfield>
    <subfield code="b">DBAD</subfield>
    <subfield code="d">2010-08-21</subfield>
    <subfield code="e">DBAD/PUB</subfield>
    <subfield code="g">300.00</subfield>
    <subfield code="l">0</subfield>
    <subfield code="o">841 &#x6A9; &#x644; &#x6CC;</subfield>
    <subfield code="p">U-6382</subfield>
    <subfield code="r">2010-08-21 00:00:00</subfield>
    <subfield code="t">1</subfield>
    <subfield code="v">300.00</subfield>
    <subfield code="w">2010-08-21</subfield>
    <subfield code="y">UR</subfield>
  </datafield>
</record>
